North America - Geography quiz - Statistics

General Stats
  • This quiz has been taken 19 times
  • The average score is 17 of 35
Answers on the Map
Answers color-coded by a green-red scale on the quiz's map according to % correct below.
 
Answer Stats
Answer Hint % Correct
Hawaii state
100%
Chicago city
92%
Houston city
92%
Rocky mountains Mountains
92%
Dallas city
85%
Los Angeles city
85%
New york city
85%
San Francisco city
85%
Atlanta city
77%
New Orleans city
77%
Ottawa city
77%
Washington city
77%
Alaska state
69%
Mississippi river
69%
Seattle city
69%
Lake Michigan lake
54%
Lake Erie lake
46%
Lake Superior lake
46%
Antilles Archipelago
38%
Lake Huron lake
38%
Lake Ontario lake
38%
Mount St. Helens Stratovolcano
38%
Niagara falls falls
31%
Colorado River
23%
Panama canal canal
23%
Prairie enormous stretches of flat grassland
15%
Appalache mountains Mountain range
8%
Californian peninsula peninsula
8%
Cordillerra Mountain range
8%
Floridian peninsula peninsula
8%
Labrador peninsula peninsula
8%
Mexican plateau plateau
8%
Mississippi plains plain
0%
Saint Lawrence River river
0%
Silicon valley valley
0%
No matching quizzes found
Score Distribution
Percent of People with Each Score
Percentile by Number Answered
Your Score History
You have not taken this quiz